01986nam a2200373 i 4500001001000000003000900010005001700019007000300036008004100039020001800080040003000098082002500128100002600153245009700179264004200276300002800318336002700346337003300373338003000406500006600436590002600502600002600528650004900554650003800603700004600641910003700687942001400724952016700738952018700905952018701092952015501279952016101434999001701595000048326DO-SdBNP20250527113226.0ta190130s2018 dr r 000 0 spa d a9781721085941 aDO-SdBNPbspacBNPHUerda 4a923.37293bV168s2221 aValette, Linda97574710aSer mujer en un mundo de hombres /cLinda Valette ; cuidado edición José M. Fernández. aMiami, Florida :bK ediciones,c2018. a117 páginas ;c23 cm. 2rdacontentatextobtxt 2rdamediaasin mediaciónbn 2rdacarrier avolumen bnc aIncluye datos biográficos de la autora en la contracubierta aInventariado, 2019/BT14aValette, Linda975747 4aEconomistas dominicanosvBiografías983849 0aAdministración industrial958721 aFernández, José M.,eedición933436 aValidado. Control de calidad MFF 2ddccLBS1 00102ddc56708DSaBNPHUbBNPHUcHDd2019-01-30eDepósito legall0oBNPHU DS 923.37293 V168sp48326-30r2020-06-25te. 3w2020-06-25yLBS1ZPréstamo en sala 00102ddc56708DSaBNPHUbBNPHUcHDd2019-01-30eDonado por editora Búho 27/11/2018l0oBNPHU DS 923.37293 V168sp48326-40r2020-06-25te. 4w2020-06-25yLBS1ZPréstamo en sala 00102ddc56708DSaBNPHUbBNPHUcHDd2019-01-30eDonado por editora Búho 27/11/2018l0oBNPHU DS 923.37293 V168sp48326-50r2020-06-25te. 5w2020-06-25yLBS1ZPréstamo en sala 00102ddc51708PDaBNPHUbBNPHUcHDd2019-01-30eDepósito legall0oBNPHU PD 923.37293 V168sp48326-10r2020-06-25w2020-06-25yLBS1ZNo se presta 00102ddc51708PDaBNPHUbBNPHUcHDd2019-01-30eDepósito legall0oBNPHU PD 923.37293 V168sp48326-20r2020-06-25te. 2w2020-06-25yLBS1ZNo se presta c47814d47814